000 00623nam a2200193Ia 4500
003 GCL
008 140319s9999 xx 000 0 ara d
040 _aGCL /
_cGCL
082 0 4 _a410
_bم ف
100 1 _aمحمود سليمان ياقوت
245 1 0 _aفقه اللغة وعلم اللغة: نصوص ودراسات /
_cمحمود سليمان ياقوت
260 _a[S.N] :
_bدار المعرفة الجامعية ،
_c1991
300 _a430 ص
490 _a
650 0 4 _aفقه اللغة العربية
650 0 4 _aاللغويون
650 0 4 _aاللغة العربية, تاريخ
942 _2ddc
_cBK
999 _c32506
_d32506